Los quince mil verbos españoles: su gramática, clasificación y conjugación
Zapisane w:
| Format: | Książka |
|---|---|
| Język: | hiszpański |
| Wydane: |
Barcelona
Ramón Sopena
1980
|
| Hasła przedmiotowe: | |
| Etykiety: |
Dodaj etykietę
Nie ma etykietki, Dołącz pierwszą etykiete!
|
MARC
| LEADER | 00000nam a2200000 a 4500 | ||
|---|---|---|---|
| 001 | UCW5735 | ||
| 003 | CL-VaPUC | ||
| 008 | 910802e19800000SP |||||||||||||||||spa|d | ||
| 082 | 0 | 4 | |a 463 |b QUI |2 21 |
| 245 | 1 | 4 | |a Los quince mil verbos españoles: su gramática, clasificación y conjugación |
| 300 | |a 836 p | ||
| 942 | |c BK | ||
| 945 | |d 19910802 00:00:00 | ||
| 260 | |a Barcelona |b Ramón Sopena |c 1980 | ||
| 650 | 0 | |a Español |9 255372 | |
| 650 | 0 | |a Verbos |9 310738 | |
| 650 | 0 | |a Diccionarios |9 256200 | |
| 583 | |a last modification |c 19910802 00:00:00 |k Rodrigo Vera | ||
| 999 | |c 219075 |d 219073 | ||
| 952 | |0 0 |1 0 |4 0 |6 463_000000000000000_QUI_1980 |7 0 |8 F |9 209574 |a BIBEDU |b BIBEDU |d 2019-11-15 |i 2774461 |o 463 QUI 1980 |p 2774461 |r 2023-01-13 |w 2019-11-15 |y BK_F |k LIT | ||
| 952 | |0 0 |1 0 |4 0 |6 463_000000000000000_QUI_1980 |7 0 |8 F |9 209575 |a BIBEDU |b BIBEDU |d 2019-11-15 |i 277447K |o 463 QUI 1980 |p 277447K |r 2023-01-13 |w 2019-11-15 |y BK_F |k EDU | ||
| 952 | |0 0 |1 0 |4 0 |6 463_000000000000000_QUI_1980 |7 0 |8 X |9 209576 |a BIBCUR |b BIBCUR |d 2019-11-15 |i 2774488 |o 463 QUI 1980 |p 2774488 |r 2025-04-22 |w 2019-11-15 |y BK_X |k BCB | ||